书目信息 |
| 题名: |
电机瞬变过程
|
|
| 作者: | 陈文纯 主编 | |
| 分册: | ||
| 出版信息: | 北京 机械工业出版社 1982 |
|
| 页数: | 252页 | |
| 开本: | 25cm | |
| 丛书名: | ||
| 单 册: | ||
| 中图分类: | TM301.3 , TM301 | |
| 科图分类: | ||
| 主题词: | 电机-过渡过程 , 过渡过程-电机 , 电机 | |
| 电子资源: | ||
| ISBN: | ||
| 000 | 00703nam0 2200277 45 | |
| 001 | 0182011222 | |
| 005 | 20040521111034.9 | |
| 010 | @dCNY1.70 | |
| 091 | @a15033.5120 | |
| 100 | @a19950615d1982 emky0chiy0121 ea | |
| 101 | 0 | @achi |
| 102 | @aCN@b110000 | |
| 105 | @ay z 000yy | |
| 106 | @ar | |
| 200 | 10 | @a电机瞬变过程@Adian ji shun bian guo cheng@f陈文纯主编 |
| 210 | @a北京@c机械工业出版社@d1982 | |
| 215 | @a252页@d25cm | |
| 606 | @a电机-过渡过程 | |
| 606 | @a过渡过程-电机 | |
| 606 | 0 | @a电机 |
| 690 | @aTM301.3@v3 | |
| 690 | @aTM301 | |
| 701 | 0 | @a陈文纯@Achen wen chun@4主编 |
| 801 | 0 | @aCN@b上海图书馆@c20040521 |
| 801 | 2 | @aCN@bNLC@c20040521 |
| 905 | @f1@b63713@dTM301@e18 | |
| 电机瞬变过程/陈文纯主编.-北京:机械工业出版社,1982 |
| 252页;25cm |
| ISBN :CNY1.70 |
| ● |
| 相关链接 |
|
|
|
|
正题名:电机瞬变过程
索取号:TM301/18
 
预约/预借
| 序号 | 登录号 | 条形码 | 馆藏地/架位号 | 状态 | 备注 |
| 1 | 0063713 | 001344209 | 第三借阅区/ [索取号:TM301/18] | 在馆 | |
| 2 | 0063714 | 001344192 | 第二样本阅览室/ [索取号:TM301/18] | 在馆 |